000 00795cam a2200217 i 4500
005 20251118124132.0
008 250721s1998 le gr 000 0 ara d
020 _a2844096646
082 1 4 _a210.46166
_bس ل ا
100 1 _aسلامة، زياد أحمد
_eمؤلف.
245 1 0 _aأطفال الأنابيب بين العلم و الشريعة /
_cتأليف زياد أحمد سلامة ؛ تقديم د.عبد العزيز الخياط.
250 _aالطبعة الثانية.
264 3 1 _aبيروت :
_bدار العربية للعلوم،
_c1996.
300 _a279 صفحة.
650 1 7 _aالإسلام.
650 1 7 _aالعقم.
650 1 7 _aأطفال الأنابيب.
650 1 7 _aالفقه الإسلامي.
942 _2ddc
_cBK
999 _c1853
_d1853